UFC Champions with the Most Champion Wins - Statistics

General Stats
  • This quiz has been taken 204 times
    39 since last reset
  • The average score is 9 of 13
Answer Stats
# of Wins Over Champions Notable Wins Answer % Correct
9 Shogun Rua, Lyoto Machida, Daniel Cormier Jon Jones
100%
9 Michael Bisping, Matt Hughes, Matt Serra Georges St-Pierre
87%
10 Julianna Peña, Germaine de Randamie, Holly Holm Amanda Nunes
81%
8 Jose Aldo, Frankie Edgar, Anthony Pettis Max Holloway
81%
6 Leon Edwards, Colby Covington, Tyron Woodley Kamaru Usman
77%
6 Daniel Cormier, Fabricio Werdum, Francis Ngannou Stipe Miocic
74%
7 Jiri Prochazka, Israel Adesanya, Jamahal Hill Alex Pereira
71%
7 Conor McGregor, Max Holloway, Eddie Alvarez Dustin Poirier
71%
6 Carlos Newton, Georges St-Pierre, BJ Penn Matt Hughes
68%
6 Joanna Jedrzejczyk, Zhang Weili, Jéssica Andrade Valentina Shevchenko
55%
8 Vitor Belfort, Chuck Liddell, Tito Ortiz Randy Couture
48%
7 Vitor Belfort, Tito Ortiz, Randy Couture Chuck Liddell
45%
6 BJ Penn, Charles Oliveira, Sean Sherk Frankie Edgar
35%
No matching quizzes found
Score Distribution
Percent of People with Each Score
Percentile by Number Answered
Your Score History
You have not taken this quiz since the last reset